00542nam a2200169Ia 450000500170000000800410001702000150005808200130007310000180008624500520010426000400015630000140019650000460021094200060025695200950026299900150035720250703005148.0240331s9999 xx 000 0 und d a9559519417 bDISa398 aDissanayake,M 0aUdarata shanthikarma saha gami natya sampradaya aColombobS. Godage & Brothersc1990 a240 p.,,  aElements of folk Drama in Kandyan Rituals cL 001040708LaWERCLbWERCLcSSCd2024-03-31l0o 398 DISp1073r2024-03-31w2024-03-31yL c5129d5129